000 00363nam a2200157Ia 4500
008 130318s9999 xx 000 0 und d
020 _a812031283x
082 _a658 ROB/M
100 _aRobbins, Stephen P
245 _aManagement
250 _a5
260 _bPHI Learning
_aNew Delhi
_c2000
300 _a770
650 _aMANAGEMENT
700 _aCoulter, Mary
999 _c340
_d340